Declaraciones internacionales tendientes a asegurar la igualdad de derechos politicos de las personas con discapacidades en América

Zapisane w:
Opis bibliograficzny
Format: Texto
Hasła przedmiotowe:
Etykiety: Dodaj etykietę
Nie ma etykietki, Dołącz pierwszą etykiete!

MARC

LEADER 00000 a a2200000 04500
001 4348
003
040
245 |a Declaraciones internacionales tendientes a asegurar la igualdad de derechos politicos de las personas con discapacidades en América  
650 |a IMPEDIDOS  
650 |a ELECCIONES  
650 |a IGUALDAD DE OPORTUNIDADES  
650 |a DECLARACIONES  
773 |g número 47; páginas 21-26  
999 |c 21003  |d 21003